Regulace monopolů v oblasti elektroenergetiky

Vývoj elektroenergetického sektora, snaha EÚ o jeho liberalizáciu, hodnotenie EK o postupe presadzovania legislatívy. Unbundling. Pôsobenie energetických regulačných úradov. Princípy regulácie cien v ČR.

Na minha lista:
Detalhes bibliográficos
Autor principal: Kohoutová, Zuzana
Formato: Capítulo de Livro
Idioma:tcheco
Assuntos:
Tags: Adicionar Tag
Sem tags, seja o primeiro a adicionar uma tag!

MARC

LEADER 00000naa$a2200000$$$4500
001 0046751
005 20221207085445.6
041 0 |a cze 
044 |a SK 
245 1 0 |a Regulace monopolů v oblasti elektroenergetiky  |c Zuzana Kohoutová 
520 |a Vývoj elektroenergetického sektora, snaha EÚ o jeho liberalizáciu, hodnotenie EK o postupe presadzovania legislatívy. Unbundling. Pôsobenie energetických regulačných úradov. Princípy regulácie cien v ČR. 
610 2 0 |a energia elektrická 
610 2 0 |a trh energetický 
610 2 0 |a liberalizácia 
610 2 0 |a regulácia 
610 2 0 |a úrady 
610 2 0 |a legislatíva 
610 2 0 |a Európska únia 
610 2 0 |a Česko 
100 1 |a Kohoutová, Zuzana